Juicio ejecutivo tributario
Gespeichert in:
| 1. Verfasser: | |
|---|---|
| Format: | Buch |
| Sprache: | Spanisch |
| Veröffentlicht: |
Santiago
Librotecnia
2011
|
| Ausgabe: | 1a. ed |
| Schlagworte: | |
| Online-Zugang: | imgen portada |
| Tags: |
Tag hinzufügen
Keine Tags, Fügen Sie den ersten Tag hinzu!
|
MARC
| LEADER | 00000nam a2200000 a 4500 | ||
|---|---|---|---|
| 001 | UCG6317 | ||
| 003 | CL-VaPUC | ||
| 008 | 110414e20110300CL |||||||||||||||||spa|d | ||
| 020 | |a 9789563270372 | ||
| 082 | 0 | 4 | |a 343.8304 |b GON |2 21 |
| 100 | |a González Orrico, Jaime |e author |9 589359 | ||
| 245 | 1 | 0 | |a Juicio ejecutivo tributario |
| 250 | |a 1a. ed | ||
| 300 | |a 304 p | ||
| 942 | |c BK | ||
| 945 | |d 20110414 00:00:00 |a jcampos | ||
| 260 | |a Santiago |b Librotecnia |c 2011 | ||
| 650 | 0 | |a Derecho tributario |9 258895 | |
| 650 | 0 | |a Obligaciones tributarias |9 383518 | |
| 650 | 7 | |a COBRANZA TRIBUTARIA |2 CL-VaPUC |9 383947 | |
| 650 | 7 | |a INFRACCIONES TRIBUTARIAS |2 CL-VaPUC |9 384068 | |
| 650 | 0 | |a Impuestos |9 255450 | |
| 650 | 7 | |a JUICIO TRIBUTARIO |2 CL-VaPUC |9 556429 | |
| 650 | 0 | |a Código tributario |9 350428 | |
| 651 | 7 | |a CHILE |2 CL-VaPUC |9 556430 | |
| 856 | 7 | |f UCG6317_01.jpg |u http://opac.pucv.cl/pucv_img/Img-6000/UCG6317_01.jpg |q JEPG |2 file |z imgen portada | |
| 583 | |a last modification |c 20110414 00:00:00 |k Rodrigo Vera | ||
| 999 | |c 344579 |d 344577 | ||
| 952 | |0 0 |1 0 |4 0 |6 343_830400000000000_GON_2011 |7 0 |8 A |9 442628 |a BIBDER |b BIBDER |d 2019-11-22 |i 476658K |l 1 |o 343.8304 GON 2011 |p 476658K |r 2024-04-22 |s 2024-04-19 |w 2019-11-22 |y BK |k DER | ||